[Event "Chigorin Memorial"]
[Site "St. Petersburg RUS"]
[Date "2012.11.02"]
[EventDate "2012.10.27"]
[Round "7"]
[Result "1-0"]
[White "Mikhail Antipov"]
[Black "Alina Balaian"]
[WhiteElo "2457"]
[BlackElo "2180"]
[PlyCount "121"]

1. e4 e6 2. d4 d5 3. Nc3 Bb4 4. e5 c5 5. a3 Bxc3+ 6. bxc3 Ne7
7. h4 Bd7 8. h5 h6 9. Qg4 Rg8 10. Bd3 Nf5 11. Qf4 Nc6 12. g4
Nfe7 13. Nf3 c4 14. Be2 Qa5 15. Bd2 O-O-O 16. Qe3 Rdf8 17. Nh4
Qb6 18. O-O g6 19. Qxh6 gxh5 20. Qxh5 Be8 21. Qh6 Rh8 22. Qf6
Rh7 23. Nf3 Rg8 24. Ng5 Rhg7 25. Qh6 Nxd4 26. cxd4 Qxd4
27. Rfd1 Qxe5 28. Kf1 f6 29. f4 Qd6 30. Qxf6 Rxg5 31. fxg5 Nc6
32. Bf4 Qd7 33. Bxc4 Rg7 34. g6 Rxg6 35. Qf8 Rg7 36. Ke1 Rf7
37. Qh6 Rh7 38. Qg5 Rg7 39. Qf6 Rf7 40. Qh6 Rh7 41. Qf8 Rf7
42. Qd6 Qxd6 43. Bxd6 dxc4 44. Ke2 e5 45. c3 Rf4 46. Rg1 Bg6
47. Ra2 b6 48. a4 Kd7 49. Ba3 Ke6 50. Bc1 Rf7 51. Bg5 e4
52. Be3 Rh7 53. Kf2 Ne5 54. Kg3 Nd3 55. Rf1 Ne5 56. Rf8 Nc6
57. Raf2 Bf7 58. g5 Ne7 59. Rf6+ Ke5 60. Bd4+ Kd5 61. Rd8+ 1-0

[Event "Chigorin Memorial"]
[Site "St. Petersburg RUS"]
[Date "2012.11.03"]
[EventDate "2012.10.27"]
[Round "8.19"]
[Result "1-0"]
[White "Vladimir Burmakin"]
[Black "Mikhail Antipov"]
[WhiteElo "2579"]
[BlackElo "2457"]
[PlyCount "77"]

1. Nf3 Nf6 2. c4 c6 3. e3 d5 4. d4 a6 5. Nbd2 g6 6. Be2 Bg7
7. O-O O-O 8. a4 Nbd7 9. cxd5 Nxd5 10. Nc4 N5b6 11. Nxb6 Qxb6
12. a5 Qc7 13. Qc2 e5 14. d5 Nf6 15. e4 Bg4 16. Rd1 Bxf3
17. Bxf3 Rac8 18. d6 Qd7 19. Be3 Qe6 20. Ra4 Rfd8 21. Rb4 Rd7
22. Be2 Ne8 23. Bc5 Bf8 24. Bc4 Qf6 25. Rxb7 Rxb7 26. Bxa6
Nxd6 27. Bxd6 Bxd6 28. Bxb7 Rd8 29. g3 Bb8 30. Rxd8+ Qxd8
31. Qxc6 Kg7 32. Qd5 Qc7 33. Bc6 Ba7 34. b4 Bd4 35. Kg2 Bc3
36. Qc5 Bxb4 37. Qxb4 Qxc6 38. Kf3 h5 39. h4 1-0

[Event "Chigorin Memorial"]
[Site "St. Petersburg RUS"]
[Date "2012.11.04"]
[EventDate "2012.10.27"]
[Round "9.42"]
[Result "0-1"]
[White "Danila Belousov"]
[Black "Mikhail Antipov"]
[WhiteElo "2340"]
[BlackElo "2457"]
[PlyCount "82"]

1. e4 c5 2. Nf3 d6 3. d4 cxd4 4. Nxd4 Nf6 5. Nc3 a6 6. Rg1 e5
7. Nb3 Be6 8. g4 d5 9. exd5 Nxd5 10. Nxd5 Qxd5 11. Be3 Nc6
12. Qxd5 Bxd5 13. O-O-O O-O-O 14. g5 Kc7 15. Bh3 g6 16. f4 h6
17. fxe5 hxg5 18. Bxg5 Bh6 19. Bxh6 Rxh6 20. Bg2 Bxg2 21. Rxd8
Kxd8 22. Rxg2 Nxe5 23. Nc5 Kc7 24. Nd3 Nxd3+ 25. cxd3 Kd6
26. Kd2 f5 27. Ke3 Ke5 28. d4+ Kf6 29. d5 Ke5 30. d6 Kxd6
31. Kf4 Ke6 32. Kg5 Rh8 33. Rc2 Rf8 34. Re2+ Kd5 35. Kxg6 f4
36. Kg7 Rf5 37. Kg6 f3 38. Rf2 Ke4 39. h4 Rf8 40. Kg7 Rc8
41. h5 Ke3 0-1

[Event "FSGM December 2012"]
[Site "Budapest HUN"]
[Date "2012.12.10"]
[EventDate "2012.12.01"]
[Round "9.5"]
[Result "1-0"]
[White "Mikhail Antipov"]
[Black "Alejandro Franco Alonso"]
[WhiteElo "2456"]
[BlackElo "2480"]
[PlyCount "52"]

1. e4 c5 2. Nf3 e6 3. b3 Nf6 4. e5 Nd5 5. Bb2 Nc6 6. c4 Nde7
7. Nc3 d6 8. exd6 Nf5 9. Bd3 e5 10. d7+ Bxd7 11. O-O Be7
12. Nd5 f6 13. Nh4 Nxh4 14. Qh5+ g6 15. Qxh4 f5 16. Qh6 Kf7
17. f4 Bf8 18. Qh3 Bg7 19. fxe5 Bxe5 20. Bxf5 Bxf5 21. Rxf5+
gxf5 22. Qxf5+ Kg7 23. Bxe5+ Nxe5 24. Qxe5+ Kh6 25. Qe6+ Kg7
26. Qg4+ Kh6 1-0

[Event "FSGM December 2012"]
[Site "Budapest HUN"]
[Date "2012.12.04"]
[EventDate "2012.12.01"]
[Round "3.3"]
[Result "1/2-1/2"]
[White "Bogdan Lalic"]
[Black "Mikhail Antipov"]
[WhiteElo "2484"]
[BlackElo "2456"]
[PlyCount "37"]

1. d4 Nf6 2. c4 e6 3. Nf3 b6 4. g3 Ba6 5. b3 Bb4+ 6. Bd2 Be7
7. Bg2 c6 8. Bc3 d5 9. Nbd2 O-O 10. O-O Nbd7 11. Re1 Bb7
12. e4 Nxe4 13. Nxe4 dxe4 14. Rxe4 c5 15. Re3 Bf6 16. dxc5
Bxc3 17. Rxc3 Nxc5 18. Qe2 Qc7 19. Rd1 1/2-1/2

[Event "FSGM December 2012"]
[Site "Budapest HUN"]
[Date "2012.12.06"]
[EventDate "2012.12.01"]
[Round "5.4"]
[Result "1-0"]
[White "Attila Czebe"]
[Black "Mikhail Antipov"]
[WhiteElo "2481"]
[BlackElo "2456"]
[PlyCount "70"]

1. c4 Nf6 2. d4 e6 3. Nc3 Bb4 4. Bg5 O-O 5. e3 h6 6. Bh4 d6
7. Bd3 Bxc3+ 8. bxc3 Nbd7 9. Ne2 b6 10. f4 d5 11. O-O Qe8
12. Ng3 Bb7 13. Qc2 Rc8 14. cxd5 exd5 15. Bf5 Ra8 16. Rae1 g6
17. e4 dxe4 18. Nxe4 Nxe4 19. Bxe4 Bxe4 20. Rxe4 Qc8 21. f5 g5
22. f6 Re8 23. Bxg5 Rxe4 24. Qxe4 hxg5 25. Qg4 Nf8 26. Qxg5+
Ng6 27. h4 Kh7 28. h5 Qg8 29. hxg6+ Qxg6 30. Qh4+ Kg8 31. Rf3
Qb1+ 32. Kh2 Qh7 33. Rg3+ Kh8 34. Qxh7+ Kxh7 35. Rg7+ Kh6 1-0

[Event "Chigorin Mem Rapid"]
[Site "St Petersburg RUS"]
[Date "2012.10.26"]
[EventDate "2012.10.25"]
[Round "7.12"]
[Result "1/2-1/2"]
[White "Viorel Iordachescu"]
[Black "Mikhail Antipov"]
[WhiteElo "2637"]
[BlackElo "2457"]
[PlyCount "154"]

1. d4 Nf6 2. Nf3 e6 3. e3 c5 4. Bd3 Nc6 5. O-O d5 6. c3 Qc7
7. Nbd2 Be7 8. b3 O-O 9. Bb2 b6 10. dxc5 bxc5 11. c4 Rd8
12. Qe2 d4 13. exd4 cxd4 14. a3 a5 15. Rfe1 Bb7 16. Rad1 g6
17. Rc1 Bc5 18. Ng5 e5 19. Qf3 Be7 20. h4 h6 21. Nde4 hxg5
22. Nxf6+ Bxf6 23. Qxf6 gxh4 24. c5 Qe7 25. Qxe7 Nxe7 26. Rxe5
Nc6 27. Ree1 Ba6 28. Be4 Rac8 29. Rcd1 d3 30. Kh2 f5 31. Bxc6
Rxc6 32. b4 Kf7 33. Bc3 Bb5 34. Bd2 axb4 35. axb4 Re6 36. Rxe6
Kxe6 37. Kh3 Rd4 38. Re1+ Kd5 39. Re3 Kc4 40. Re1 Kb3 41. Rc1
Bc6 42. f3 Kb2 43. b5 Bxb5 44. c6 Rc4 45. c7 Rxc1 46. Bxc1+
Kxc1 47. c8=Q+ Kd1 48. Qc5 Ba4 49. Qg1+ Ke2 50. Qa1 Bc2
51. Qe5+ Kf2 52. Qc3 Ke2 53. Kxh4 Bd1 54. Qc4 Ke3 55. Qc3 Ke2
56. Qe5+ Kf2 57. Qb2+ Ke1 58. Qe5+ Kf2 59. Qd6 Ke2 60. Qxg6 d2
61. Qxf5 Kf2 62. Qd3 Ke1 63. f4 Be2 64. Qc3 Bf1 65. g4 Ke2
66. Qe5+ Kf2 67. Qd4+ Ke2 68. f5 d1=Q 69. Qxd1+ Kxd1 70. f6
Bc4 71. g5 Bf7 72. Kg4 Bg6 73. Kf4 Ke2 74. Ke5 Kf3 75. Ke6 Kf4
76. f7 Bxf7+ 77. Kxf7 Kxg5 1/2-1/2

[Event "ch-European Rapid 2013"]
[Site "Warsaw POL"]
[Date "2013.12.14"]
[EventDate "2013.12.14"]
[Round "5.2"]
[Result "1-0"]
[White "Anton Korobov"]
[Black "Mikhail Antipov"]
[WhiteElo "2713"]
[BlackElo "2511"]
[PlyCount "109"]

1. d4 Nf6 2. c4 e6 3. Nc3 Bb4 4. Qc2 O-O 5. a3 Bxc3+ 6. Qxc3
d6 7. Nf3 Nbd7 8. e3 Ne4 9. Qc2 f5 10. Bd3 Ndf6 11. b4 b6
12. Bb2 Bb7 13. Rd1 Qe8 14. d5 e5 15. Nd2 Qg6 16. O-O Nxd2
17. Rxd2 e4 18. Be2 Nd7 19. f4 exf3 20. Rxf3 Ne5 21. Rg3 Qf7
22. c5 Rae8 23. c6 Bc8 24. Rd4 Ng4 25. Qd2 Nf6 26. Bf3 Ne4
27. Rxe4 fxe4 28. Rxg7+ Qxg7 29. Bxg7 Kxg7 30. Qd4+ Re5
31. Bxe4 Bf5 32. Bf3 Ra8 33. h4 h6 34. Qf4 Rf8 35. a4 a6
36. a5 b5 37. Qd4 Bc8 38. Qa7 Re7 39. Kf2 Rf6 40. e4 Rff7
41. Ke3 Kf6 42. Qb8 Rf8 43. Qa7 Rff7 44. Kd3 Rf8 45. Qf2 Kg7
46. Qg3+ Kh7 47. Qf2 Kg7 48. Kc3 Rd8 49. Qd4+ Re5 50. Be2 Rde8
51. Bd3 Rd8 52. g4 Bxg4 53. Qa7 Re7 54. Qxa6 Rb8 55. Qb7 1-0

[Event "Moscow Open"]
[Site "Moscow RUS"]
[Date "2013.02.04"]
[EventDate "2013.02.02"]
[Round "3.9"]
[Result "0-1"]
[White "Mikhail Antipov"]
[Black "Alexandre Danin"]
[WhiteElo "2472"]
[BlackElo "2578"]
[PlyCount "98"]

1. e4 c5 2. Nf3 d6 3. d4 cxd4 4. Nxd4 Nf6 5. Nc3 Nc6 6. Bc4 e6
7. O-O Be7 8. Bb3 O-O 9. Be3 Bd7 10. f4 Nxd4 11. Bxd4 Bc6
12. Qe2 b5 13. Nxb5 Bxb5 14. Qxb5 Nxe4 15. f5 Bf6 16. c3 Bxd4+
17. cxd4 Qg5 18. Rae1 Nd2 19. Rf2 Rab8 20. Qd7 Rbd8 21. Qxa7
Nxb3 22. axb3 exf5 23. Qe7 Qg4 24. Qe3 g6 25. Rf4 Qg5 26. h4
Qf6 27. Qe7 Qxe7 28. Rxe7 Rb8 29. Rf3 Rb4 30. Rd3 Rfb8
31. Ree3 R8b5 32. Rf3 Rd5 33. Rf4 h6 34. g3 Kg7 35. Kf2 g5
36. hxg5 hxg5 37. Rff3 Kg6 38. Ke3 g4 39. Rf1 Rdb5 40. Rc1
Rxb3 41. Rc6 Rxd3+ 42. Kxd3 Rxb2 43. Rxd6+ f6 44. d5 Rb3+
45. Ke2 Rxg3 46. Rd8 f4 47. d6 Re3+ 48. Kd2 Kf5 49. Ra8 Re5
0-1

[Event "Vladimir Petrov memorial"]
[Site "Jurmala, Latvia"]
[Date "2013.02.17"]
[EventDate "2013.??.??"]
[Round "14"]
[Result "1/2-1/2"]
[White "Mikhail Antipov"]
[Black "Sergei Zhigalko"]
[WhiteElo "2523"]
[BlackElo "2652"]
[PlyCount "133"]

1. e4 c5 2. Nf3 d6 3. d4 cxd4 4. Nxd4 Nf6 5. Nc3 a6 6. h3 e6
7. g4 Be7 8. Bg2 O-O 9. Be3 Nc6 10. a4 Nd7 11. O-O Nde5 12. b3
Qc7 13. Nde2 b6 14. f4 Nd7 15. Qd2 Bb7 16. g5 Rfe8 17. Nd1
Rad8 18. c4 Na5 19. Rb1 Nc5 20. Qc2 Nc6 21. b4 Nd7 22. Qd2 a5
23. b5 Nb4 24. Rc1 Nc5 25. Nf2 Nxa4 26. Ng3 Nc5 27. Nh5 Bf8
28. Kh1 d5 29. cxd5 exd5 30. Bxc5 bxc5 31. e5 Kh8 32. Rg1 c4
33. Ng4 d4 34. Kh2 c3 35. Bxb7 Qxb7 36. Qf2 Qe4 37. Rce1 Qg6
38. Qh4 d3 39. Ref1 Bc5 40. Rg2 Bd4 41. f5 Qb6 42. g6 fxg6
43. Nxg7 Kxg7 44. fxg6 Qxg6 45. Rf6 Bxe5+ 46. Nxe5 Qxg2+
47. Kxg2 Rxe5 48. Rb6 Re2+ 49. Kg1 Rf8 50. Rb7+ Rf7 51. Qg5+
Kf8 52. Qh6+ Ke8 53. Rb8+ Kd7 54. Rb7+ Ke8 55. Rb8+ Kd7
56. Rb7+ Ke8 57. Rb8+ Kd7 58. Rb7+ Ke8 59. Qh5 Re1+ 60. Kg2
Re2+ 61. Kg1 Re1+ 62. Kg2 Re2+ 63. Kg1 Re1+ 64. Kg2 Re2+
65. Kg1 Re1+ 66. Kg2 Ree7 67. Kg1 1/2-1/2

[Event "Biel (Masters)"]
[Site "Biel SUI"]
[Date "2013.07.23"]
[EventDate "2013.07.22"]
[Round "2.16"]
[Result "1-0"]
[White "Mikhail Antipov"]
[Black "Gabriele Botta"]
[WhiteElo "2490"]
[BlackElo "2319"]
[PlyCount "51"]

1. e4 c6 2. d4 d5 3. e5 Bf5 4. Nd2 e6 5. Nb3 Nd7 6. Nf3 Ne7
7. Be2 Nc8 8. O-O Be7 9. Ne1 Bg6 10. Nd3 O-O 11. Nf4 c5 12. c3
Ncb6 13. Nxg6 hxg6 14. Nd2 cxd4 15. cxd4 Rc8 16. Nf3 Nc4
17. b3 Na3 18. Bd3 a6 19. Be3 Nb5 20. Ne1 Nb8 21. Qg4 Nc6
22. Nf3 Nc3 23. a3 Qb6 24. b4 Bd8 25. Bxg6 Nxb4 26. Bh5 1-0

[Event "Biel (Masters)"]
[Site "Biel SUI"]
[Date "2013.07.24"]
[EventDate "2013.07.22"]
[Round "3.5"]
[Result "1-0"]
[White "Dragan Solak"]
[Black "Mikhail Antipov"]
[WhiteElo "2598"]
[BlackElo "2490"]
[PlyCount "79"]

1. e4 c5 2. Nf3 d6 3. d4 cxd4 4. Nxd4 Nf6 5. Nc3 a6 6. Bg5
Nbd7 7. Qe2 e6 8. f4 Qc7 9. O-O-O b5 10. a3 Bb7 11. g4 Be7
12. Bh4 Nb6 13. g5 Nfd7 14. Kb1 g6 15. Bg3 Rc8 16. h4 Nc4
17. Be1 e5 18. fxe5 dxe5 19. Nb3 Ndb6 20. Bh3 Rd8 21. Rd3 Na4
22. Rxd8+ Bxd8 23. Nxa4 bxa4 24. Nd2 Nxd2+ 25. Bxd2 Qc6
26. Rd1 Be7 27. Bb4 Bc8 28. Bxc8 Qxc8 29. Bxe7 Kxe7 30. Qf2
Re8 31. Qf6+ Kf8 32. Qh8+ Ke7 33. Qf6+ Kf8 34. Qh8+ Ke7
35. Qxe5+ Kf8 36. Qh8+ Ke7 37. Qg7 Qc4 38. Rd4 Qf1+ 39. Ka2
Rc8 40. Qe5+ 1-0

[Event "Biel (Masters)"]
[Site "Biel SUI"]
[Date "2013.07.25"]
[EventDate "2013.07.22"]
[Round "4.14"]
[Result "1-0"]
[White "Mikhail Antipov"]
[Black "Jan Rindlisbacher"]
[WhiteElo "2490"]
[BlackElo "2219"]
[PlyCount "51"]

1. e4 e5 2. Nf3 Nc6 3. Bb5 a6 4. Ba4 Nf6 5. O-O Be7 6. Re1 b5
7. Bb3 O-O 8. a4 b4 9. d3 Bb7 10. Nbd2 d5 11. exd5 Nxd5
12. Nc4 Bf6 13. Ncxe5 Nxe5 14. Nxe5 Re8 15. Nc4 Rxe1+ 16. Qxe1
Qd7 17. Bd2 Re8 18. Qf1 h5 19. Re1 Bc6 20. a5 Rxe1 21. Qxe1
Qg4 22. h3 Qd7 23. Ne5 Qd6 24. Nxc6 Qxc6 25. Qe4 Ne7 26. Qxb4
1-0

[Event "Biel (Masters)"]
[Site "Biel SUI"]
[Date "2013.07.26"]
[EventDate "2013.07.22"]
[Round "5.7"]
[Result "1/2-1/2"]
[White "Chanda Sandipan"]
[Black "Mikhail Antipov"]
[WhiteElo "2623"]
[BlackElo "2490"]
[PlyCount "127"]

1. e4 c5 2. Nf3 d6 3. d4 cxd4 4. Qxd4 a6 5. c4 Nc6 6. Qe3 g6
7. h3 Bg7 8. Be2 Nf6 9. O-O O-O 10. Nc3 Be6 11. Rb1 Rc8 12. b3
Nd7 13. Bb2 Qb6 14. Qd2 Nd4 15. Kh1 Nxf3 16. Bxf3 Qa5 17. Rbd1
Rfe8 18. Be2 b5 19. f4 b4 20. Na4 Bxb2 21. Qxb2 Nf6 22. Qd4
Bd7 23. e5 Bxa4 24. bxa4 Nd7 25. exd6 exd6 26. Bg4 Rcd8
27. Qxd6 Ne5 28. fxe5 Rxd6 29. exd6 Qc5 30. Be2 Kf8 31. d7 Rd8
32. Rd2 Qe3 33. Rfd1 Rxd7 34. Rxd7 Qxe2 35. c5 Qc2 36. Rf1
Qxc5 37. Rdxf7+ Kg8 38. Rb7 Qc6 39. Rxb4 Kg7 40. Rbf4 Qc2
41. R1f2 Qb1+ 42. Kh2 Qb8 43. g3 Qe8 44. Rc2 Qe5 45. Rfc4 Qe8
46. h4 h5 47. a5 Kh6 48. Rf2 Qe5 49. Ra4 Qc5 50. Re2 Qb5
51. Rae4 Qxa5 52. Re6 Qb5 53. Rf2 Qc5 54. Rff6 Qc2+ 55. Kh3
Qb1 56. Rxg6+ Kh7 57. g4 Qd3+ 58. Kh2 Qd2+ 59. Kg3 Qd3+
60. Kf4 Qc4+ 61. Ke3 Qc3+ 62. Ke4 Qc4+ 63. Kf5 Qc5+ 64. Kf4
1/2-1/2

[Event "Biel (Masters)"]
[Site "Biel SUI"]
[Date "2013.07.27"]
[EventDate "2013.07.22"]
[Round "6.7"]
[Result "1-0"]
[White "Mikhail Antipov"]
[Black "Ivan Saric"]
[WhiteElo "2490"]
[BlackElo "2639"]
[PlyCount "131"]

1. e4 e5 2. Nf3 Nc6 3. Bb5 a6 4. Ba4 Nf6 5. O-O Be7 6. Re1 b5
7. Bb3 d6 8. c3 O-O 9. h3 Na5 10. Bc2 c5 11. d4 Nd7 12. dxe5
dxe5 13. Nbd2 Bb7 14. Nf1 Nc4 15. b3 Nd6 16. Ng3 Qc7 17. a4
Bc6 18. Nh2 g6 19. Bh6 Rfd8 20. Qg4 bxa4 21. bxa4 Bf8 22. Bxf8
Nxf8 23. Qg5 Ne8 24. Ng4 Ne6 25. Qxe5 h5 26. Qxc7 N8xc7
27. Ne5 Be8 28. h4 Rab8 29. Nc4 Nf8 30. Nf1 Nd7 31. Nfe3 Nb6
32. Nxb6 Rxb6 33. Nc4 Rbb8 34. Reb1 Kf8 35. Kf1 Bd7 36. Ke2
Ke7 37. Ne5 Be8 38. Nd3 Ne6 39. Bb3 Rb6 40. Bc4 Rxb1 41. Rxb1
Bxa4 42. Rb7+ Rd7 43. Rxd7+ Bxd7 44. Bxa6 Nc7 45. Bc4 Bb5
46. Bxb5 Nxb5 47. Kd2 c4 48. Ne5 Nd6 49. f3 Ke6 50. Nc6 f5
51. Ke3 fxe4 52. fxe4 Kd7 53. Ne5+ Ke6 54. Nf3 Nb7 55. Kd4 Na5
56. Kc5 Nb3+ 57. Kxc4 Nc1 58. Ne1 Kf6 59. Kd5 Ne2 60. c4 g5
61. hxg5+ Kxg5 62. c5 Kf4 63. e5 Nc3+ 64. Kc4 Ne4 65. Nd3+ Kg3
66. c6 1-0

[Event "Biel (Masters)"]
[Site "Biel SUI"]
[Date "2013.07.30"]
[EventDate "2013.07.22"]
[Round "8.9"]
[Result "1/2-1/2"]
[White "Mikhail Antipov"]
[Black "Ognjen Cvitan"]
[WhiteElo "2490"]
[BlackElo "2562"]
[PlyCount "28"]

1. e4 c5 2. Nf3 d6 3. d4 cxd4 4. Qxd4 a6 5. c4 Nc6 6. Qe3 Bg4
7. Bd2 g6 8. Bc3 Bh6 9. Qd3 Nf6 10. Nbd2 Bg7 11. h3 Bxf3
12. Nxf3 O-O 13. Be2 Nd7 14. Bxg7 Kxg7 1/2-1/2

[Event "Biel (Masters)"]
[Site "Biel SUI"]
[Date "2013.07.31"]
[EventDate "2013.07.22"]
[Round "9.12"]
[Result "1-0"]
[White "A R Saleh Salem"]
[Black "Mikhail Antipov"]
[WhiteElo "2531"]
[BlackElo "2490"]
[PlyCount "35"]

1. d4 Nf6 2. c4 e6 3. Nf3 b6 4. g3 Ba6 5. Qc2 Bb7 6. Bg2 c5
7. d5 exd5 8. cxd5 Bxd5 9. Nc3 Bc6 10. e4 d6 11. Bf4 Nh5
12. Be3 Be7 13. O-O-O Qc8 14. e5 dxe5 15. Nd5 Bd6 16. Rhe1 f6
17. Nh4 Nd7 18. Qf5 1-0

[Event "Biel (Masters)"]
[Site "Biel SUI"]
[Date "2013.08.02"]
[EventDate "2013.07.22"]
[Round "11.14"]
[Result "1/2-1/2"]
[White "Huang Qian"]
[Black "Mikhail Antipov"]
[WhiteElo "2487"]
[BlackElo "2490"]
[PlyCount "84"]

1. c4 Nf6 2. Nf3 b6 3. g3 Bb7 4. Bg2 c5 5. O-O e6 6. Nc3 d6
7. b3 Be7 8. Bb2 O-O 9. d4 cxd4 10. Qxd4 a6 11. Rfd1 Qc7
12. h3 Rd8 13. Qe3 Re8 14. Nd4 Bxg2 15. Kxg2 Nbd7 16. Nf3 Qb7
17. a4 Nc5 18. Rab1 Rac8 19. Ba1 Red8 20. Kg1 Ne8 21. Nd4 Bf6
22. Qf3 Qc7 23. e3 g6 24. Ne4 Bg7 25. Nxc5 dxc5 26. Ne2 Bxa1
27. Rxa1 Qe5 28. Nf4 Nd6 29. Rac1 Qb2 30. Nd3 Qg7 31. Nf4 Qf6
32. Kg2 Nf5 33. Rxd8+ Rxd8 34. Rd1 Rxd1 35. Qxd1 Qb2 36. Qd3
Kg7 37. h4 h5 38. Ne2 Ne7 39. Qc3+ Qxc3 40. Nxc3 Nc6 41. Ne4
Na5 42. Nd2 Kf6 1/2-1/2

[Event "Chigorin Memorial"]
[Site "St Petersburg RUS"]
[Date "2013.10.05"]
[EventDate "2013.10.05"]
[Round "1.38"]
[Result "1-0"]
[White "Mikhail Antipov"]
[Black "Valeriy Kazakovskiy"]
[WhiteElo "2515"]
[BlackElo "2051"]
[PlyCount "67"]

1. e4 e5 2. Nf3 Nc6 3. Bb5 a6 4. Ba4 Nf6 5. O-O Be7 6. Re1 b5
7. Bb3 O-O 8. a4 Bb7 9. d3 h6 10. Nc3 bxa4 11. Bxa4 d6 12. Ne2
Nh5 13. d4 Kh8 14. c3 Rb8 15. Qc2 exd4 16. Nexd4 Nxd4 17. Nxd4
Bg5 18. Nc6 Bxc6 19. Bxc6 Rb6 20. Bd5 Bxc1 21. Qxc1 Qh4 22. g3
Qg4 23. Bc4 Nf6 24. Kg2 Qc8 25. Ra5 Qb7 26. b4 Re8 27. f3 c6
28. Qa1 Ra8 29. e5 dxe5 30. Raxe5 Rd8 31. R1e2 Nd5 32. Re8+
Rxe8 33. Rxe8+ Kh7 34. Bd3+ 1-0

[Event "Chigorin Memorial"]
[Site "St Petersburg RUS"]
[Date "2013.10.09"]
[EventDate "2013.10.05"]
[Round "5.27"]
[Result "1/2-1/2"]
[White "Mikhail Antipov"]
[Black "Dmitry Shchukin"]
[WhiteElo "2515"]
[BlackElo "2318"]
[PlyCount "87"]

1. e4 e6 2. d4 d5 3. Nc3 Bb4 4. e5 Ne7 5. a3 Bxc3+ 6. bxc3 b6
7. Qg4 Ng6 8. h4 h5 9. Qd1 Ba6 10. Bxa6 Nxa6 11. Bg5 Qd7
12. Ne2 Nf8 13. Nf4 g6 14. Qd3 Qa4 15. f3 Kd7 16. Bf6 Rg8
17. O-O Kc6 18. g4 Nc5 19. Qd2 Ncd7 20. Bg5 Nh7 21. Nh3 Nxg5
22. Nxg5 Rg7 23. gxh5 gxh5 24. f4 Kb7 25. Kh1 c5 26. Qd3 cxd4
27. cxd4 Rc8 28. Rf2 Rc4 29. Rd2 Nc5 30. dxc5 Rxf4 31. Rh2
Rxh4 32. Nf3 Rxh2+ 33. Nxh2 bxc5 34. Rb1+ Kc6 35. Rf1 Rg5
36. Rxf7 Rxe5 37. Nf3 Rf5 38. Rxf5 exf5 39. Qxf5 Qxa3 40. Qc8+
Kb5 41. Qb7+ Ka4 42. Kg2 Qc3 43. Qxa7+ Kb4 44. Qb7+ 1/2-1/2

[Event "Chigorin Memorial"]
[Site "St Petersburg RUS"]
[Date "2013.10.10"]
[EventDate "2013.10.05"]
[Round "6.25"]
[Result "1/2-1/2"]
[White "Mikhail Gorozhanin"]
[Black "Mikhail Antipov"]
[WhiteElo "2315"]
[BlackElo "2515"]
[PlyCount "84"]

1. c4 Nf6 2. d4 e6 3. Nf3 b6 4. g3 Ba6 5. b3 Bb7 6. Bg2 Bb4+
7. Bd2 Be7 8. O-O O-O 9. Bc3 d5 10. Nbd2 Nbd7 11. e3 c5
12. Qe2 Rc8 13. Bb2 Qc7 14. cxd5 exd5 15. Rac1 Qb8 16. Ne5
Rcd8 17. f4 Rfe8 18. g4 cxd4 19. exd4 Bb4 20. g5 Bxd2 21. Qxd2
Ne4 22. Qe2 Nf8 23. Qh5 g6 24. Qh6 Nd6 25. Bh3 Bc8 26. Rxc8
Rxc8 27. Ba3 Re6 28. Bxe6 fxe6 29. Qh3 Nf5 30. Ng4 Nd7
31. Nh6+ Kg7 32. Nxf5+ exf5 33. Qe3 Re8 34. Be7 Kf7 35. Qh3 h5
36. Ba3 Re4 37. Qc3 Rxf4 38. Re1 Re4 39. Rxe4 fxe4 40. Qc6 Qe8
41. Qxd5+ Qe6 42. Qc4 b5 1/2-1/2

[Event "Chigorin Memorial"]
[Site "St Petersburg RUS"]
[Date "2013.10.11"]
[EventDate "2013.10.05"]
[Round "7.23"]
[Result "1/2-1/2"]
[White "Mikhail Antipov"]
[Black "Kirill Kozionov"]
[WhiteElo "2515"]
[BlackElo "2368"]
[PlyCount "51"]

1. e4 e5 2. Nf3 Nc6 3. Bb5 Nf6 4. d3 Bc5 5. O-O d6 6. c3 O-O
7. Re1 a6 8. Ba4 Ba7 9. h3 Ne7 10. Nbd2 Ng6 11. d4 c5 12. Bc2
b5 13. b3 cxd4 14. cxd4 Re8 15. Nf1 Bb7 16. Ng3 d5 17. Nxe5
dxe4 18. Bb2 Qb6 19. Ng4 Rad8 20. Rc1 Nxg4 21. Qxg4 Bc8
22. Qh5 Nf4 23. Qh4 Ng6 24. Qh5 Nf4 25. Qh4 Ng6 26. Qh5
1/2-1/2

[Event "Chigorin Memorial"]
[Site "St Petersburg RUS"]
[Date "2013.10.12"]
[EventDate "2013.10.05"]
[Round "8.31"]
[Result "1/2-1/2"]
[White "Petr Palachev"]
[Black "Mikhail Antipov"]
[WhiteElo "2348"]
[BlackElo "2515"]
[PlyCount "79"]

1. d4 Nf6 2. c4 e6 3. Nf3 b6 4. g3 Ba6 5. Qa4 Bb7 6. Bg2 Be7
7. O-O O-O 8. Bf4 d6 9. Nc3 Ne4 10. Qc2 Nxc3 11. Qxc3 Nd7
12. Rfd1 Be4 13. Qe3 Nf6 14. Rac1 Qc8 15. Bg5 Qb7 16. d5 exd5
17. cxd5 Rfe8 18. Bxf6 Bxf6 19. Qd2 Re7 20. e3 Qa6 21. b3 Qa3
22. Nd4 Bxg2 23. Kxg2 Bxd4 24. exd4 Qa6 25. Re1 Rae8 26. Rxe7
Rxe7 27. Re1 Rxe1 28. Qxe1 Kf8 29. Qc3 Qc8 30. a4 a5 31. Qd3
g6 32. h4 h5 33. Qc2 Kg7 34. Kg1 Qd7 35. Qc4 Qe7 36. Qc2 Qe1+
37. Kg2 Qe7 38. Kg1 Qe1+ 39. Kg2 Qe7 40. Kg1 1/2-1/2

[Event "Chigorin Memorial"]
[Site "St Petersburg RUS"]
[Date "2013.10.13"]
[EventDate "2013.10.05"]
[Round "9.26"]
[Result "1/2-1/2"]
[White "Mikhail Antipov"]
[Black "Vasily Usmanov"]
[WhiteElo "2515"]
[BlackElo "2366"]
[PlyCount "63"]

1. e4 c5 2. Nf3 Nc6 3. Bb5 g6 4. O-O Bg7 5. c3 Nf6 6. Re1 O-O
7. d4 d5 8. e5 Ne4 9. Nbd2 cxd4 10. cxd4 Nxd2 11. Qxd2 Bd7
12. Bxc6 Bxc6 13. Qf4 f6 14. e6 Rc8 15. b3 Bb5 16. Qd2 Qb6
17. Ba3 Qa6 18. Bc5 Rc7 19. a4 Bd3 20. b4 Be4 21. Qf4 Rfc8
22. Nd2 Qxe6 23. Nxe4 dxe4 24. Rxe4 Qd5 25. Rae1 f5 26. R4e2
b6 27. Bxe7 Qxd4 28. Qf3 Rc3 29. Qb7 R3c7 30. Qf3 Rc3 31. Qb7
R3c7 32. Qf3 1/2-1/2

[Event "Riga Technical University Open"]
[Site "Riga LAT"]
[Date "2013.08.06"]
[EventDate "2013.08.05"]
[Round "3.12"]
[Result "1-0"]
[White "Mikhail Antipov"]
[Black "Mikhail Klenburg"]
[WhiteElo "2488"]
[BlackElo "2371"]
[PlyCount "67"]

1. e4 e5 2. Nf3 Nc6 3. Bb5 a6 4. Ba4 Nf6 5. O-O Be7 6. Re1 b5
7. Bb3 d6 8. c3 O-O 9. h3 Na5 10. Bc2 c5 11. d4 Qc7 12. Nbd2
cxd4 13. cxd4 Nc6 14. Nb3 a5 15. Be3 a4 16. Nbd2 Bd7 17. Rc1
Rac8 18. Bd3 Qb8 19. Nf1 Rc7 20. Qe2 Rb7 21. Bb1 Re8 22. Rcd1
h6 23. Bc1 Bd8 24. dxe5 dxe5 25. Ne3 Nh7 26. Nf5 Bxf5 27. exf5
Nf6 28. Be3 Ba5 29. Rf1 Bb6 30. Nh2 Nd4 31. Bxd4 Bxd4 32. Ng4
Qd6 33. Nxf6+ Qxf6 34. Rxd4 1-0

[Event "Riga Technical University Open"]
[Site "Riga LAT"]
[Date "2013.08.07"]
[EventDate "2013.08.05"]
[Round "4.1"]
[Result "1-0"]
[White "Mikhail Antipov"]
[Black "Daniel Naroditsky"]
[WhiteElo "2488"]
[BlackElo "2503"]
[PlyCount "83"]

1. e4 c5 2. Nf3 e6 3. b3 b6 4. Bb2 Bb7 5. Qe2 Nc6 6. Nc3 d6
7. O-O-O e5 8. g4 Nge7 9. Nd5 Qd7 10. c4 O-O-O 11. h4 Nd4
12. Nxd4 cxd4 13. Kb1 Kb8 14. Bh3 Nxd5 15. cxd5 h6 16. g5 Qe7
17. g6 fxg6 18. Rc1 g5 19. h5 Bc8 20. Bxc8 Rxc8 21. Rxc8+ Kxc8
22. Rc1+ Kb8 23. Qb5 Qd8 24. a4 Be7 25. a5 Ka8 26. Qc6+ Kb8
27. Qb5 Ka8 28. b4 bxa5 29. bxa5 Qe8 30. Rc6 Qd7 31. Qc4 Kb8
32. a6 Rc8 33. Ba3 Bf8 34. Ka2 Be7 35. f3 Bf8 36. Bb4 Be7
37. Ba5 Bd8 38. Qb5+ Ka8 39. Rxc8+ Qxc8 40. Qb7+ Qxb7
41. axb7+ Kxb7 42. Bxd8 1-0

[Event "Riga Technical University Open"]
[Site "Riga LAT"]
[Date "2013.08.08"]
[EventDate "2013.08.05"]
[Round "5.1"]
[Result "1/2-1/2"]
[White "Aloyzas Kveinys"]
[Black "Mikhail Antipov"]
[WhiteElo "2491"]
[BlackElo "2488"]
[PlyCount "37"]

1. d4 Nf6 2. Nf3 d5 3. c4 c6 4. e3 Bf5 5. Nc3 e6 6. Nh4 Be4
7. f3 Bg6 8. Qb3 Qc7 9. Bd2 Be7 10. Nxg6 hxg6 11. Bd3 dxc4
12. Bxc4 b5 13. Bd3 Rxh2 14. O-O-O a6 15. g4 Nbd7 16. g5 Nd5
17. f4 Rxh1 18. Rxh1 O-O-O 19. Kb1 1/2-1/2